| 000 | 00850nam a2200241 a 4500 | ||
|---|---|---|---|
| 001 | 000023956 | ||
| 005 | 20240506202814.0 | ||
| 008 | 110117s1986 sp r 000 e spa d | ||
| 020 | _a8471752379 | ||
| 040 |
_aDO-SdBNP _bspa _cBNPHU |
||
| 041 | 1 | 7 |
_aspa _heng _2Código de idiomas MARC |
| 082 |
_a307.76 _bB793v |
||
| 100 | 1 |
_aBoyte, Harry C., _949280 |
|
| 240 | 1 | 0 |
_aCommunity is possible. _lEspañol |
| 245 | 1 | 0 |
_aVivir en comunidad / _cHarry C. Boyte ; traducción de Mariano Vázquez Alonso. |
| 260 |
_aBarcelona : _bEdiciones 29, _c1986. |
||
| 300 |
_a196 p. ; _c21 cm. |
||
| 534 |
_pTítulo original en inglés: _tCommunity is possible. _cNew York : Harper & Row, 1984. |
||
| 650 | 0 |
_aDesarrollo de la comunidad _9453 |
|
| 650 | 4 |
_aDesarrollo de la comunidad urbana _949281 |
|
| 700 | 1 |
_aVázquez Alonso, Mariano, _etr _949282 |
|
| 049 | _aBNGR | ||
| 999 |
_c23452 _d23452 |
||